| 000 | 00574nam a2200193 a 4500 | ||
|---|---|---|---|
| 005 | 20210223123801.0 | ||
| 008 | 991125n 000 0 spa u | ||
| 035 | _aUPN01000064047 | ||
| 100 | 1 |
_aMéndez Nápoles, Oscar _929294 |
|
| 222 | _aREVISTA DE LA EDUCACION SUPERIOR | ||
| 245 | _aAnálisis del financiamiento de la educación superior en México | ||
| 300 | _a27-34 | ||
| 362 | 0 | _a1973 Vol. 2, no. 1, ene.-mar. | |
| 653 | 0 | _aEDUCACION SUPERIOR | |
| 653 | 0 | _aFINANCIAMIENTO EDUCATIVO | |
| 653 | 0 | _aGASTO EDUCATIVO | |
| 904 |
_aAC _b001858 |
||
| 905 | _aArticulo | ||
| 999 |
_c62401 _d62401 |
||